Report on wage structure survey 1982-85 (Record no. 496015)

000 -LEADER
fixed length control field 00348cam a22001097a 4500
008 - FIXED-LENGTH DATA ELEMENTS--GENERAL INFORMATION
fixed length control field 180718b1987 xxu||||| |||| 00| 0 eng d
082 ## - DEWEY DECIMAL CLASSIFICATION NUMBER
Classification number R22068x5458 K45/1982-85
245 ## - TITLE STATEMENT
Title Report on wage structure survey 1982-85
Statement of responsibility, etc. by Department of Economics and Statistics
260 ## - PUBLICATION, DISTRIBUTION, ETC.
Place of publication, distribution, etc. Trivandrum.
Name of publisher, distributor, etc. Government of Kerala
Date of publication, distribution, etc. 1987
300 ## - PHYSICAL DESCRIPTION
Extent 44p
700 ## - ADDED ENTRY--PERSONAL NAME
Personal name Kerala.
Holdings
Withdrawn status Lost status Damaged status Not for loan Permanent Location Current Location Date acquired Full call number Barcode Date last seen Price effective from Koha item type
        Indian Institute of Public Administration Indian Institute of Public Administration 2018-08-04 R22068x5458 K45/1982-85 GG21157 2018-08-04 2018-08-04 GG

Powered by Koha